Конспект лекций по теории вероятностей, математической статистике и случайным процессам

Библиографические подробности
Главный автор: Письменный Д. Т. Дмитрий Трофимович
Примечания:Настоящая книга представляет собой курс лекций по теории вероятностей, случайным процессам и математической статистике. Первая часть книги содержит основные понятия и теоремы теории вероятностей, такие как случайные события, вероятность, случайные функции, корреляция, условная вероятность, закон больших чисел и предельные теоремы. В отдельной главе приведены основные понятия теории случайных процессов (стационарный процесс, марковский процесс, теорема Винера-Хинчина). Вторая часть книги посвящена математической статистике, в ней излагаются основы выборочного метода, теории оценок и проверки гипотез. Изложение теоретического материала сопровождается рассмотрением большого количества примеров и задач, ведется на доступном, по возможности строгом языке.
Язык:русский
Опубликовано: Москва, Айрис-Пресс, 2015
Издание:7-е изд.
Серии:Высшее образование
Предметы:
Формат: Книга
Запись в KOHA:https://koha.lib.tpu.ru/cgi-bin/koha/opac-detail.pl?biblionumber=676667

MARC

LEADER 00000nam0a2200000 4500
001 676667
005 20241122134906.0
010 |a 978-5-8112-6085-0 
090 |a 676667 
100 |a 20241116d2015 m||y0rusy50 ca 
101 0 |a rus 
102 |a RU 
105 |a a j 000yy 
181 0 |a i   |b  e  
182 0 |a n 
183 0 |a nc  |2 RDAcarrier 
200 1 |a Конспект лекций по теории вероятностей, математической статистике и случайным процессам  |f Дмитрий Письменный 
205 |a 7-е изд. 
210 |a Москва  |c Айрис-Пресс  |d 2015 
215 |a 288 с.  |c ил. 
225 1 |a Высшее образование 
283 |a volume  |2 RDAcarrier 
330 |a Настоящая книга представляет собой курс лекций по теории вероятностей, случайным процессам и математической статистике. Первая часть книги содержит основные понятия и теоремы теории вероятностей, такие как случайные события, вероятность, случайные функции, корреляция, условная вероятность, закон больших чисел и предельные теоремы. В отдельной главе приведены основные понятия теории случайных процессов (стационарный процесс, марковский процесс, теорема Винера-Хинчина). Вторая часть книги посвящена математической статистике, в ней излагаются основы выборочного метода, теории оценок и проверки гипотез. Изложение теоретического материала сопровождается рассмотрением большого количества примеров и задач, ведется на доступном, по возможности строгом языке. 
606 1 |a Вероятностей теория и математическая статистика  |2 stltpush  |3 (RuTPU)RU\TPU\subj\2260  |9 30847 
610 1 |a случайные события 
610 1 |a случайные величины 
610 1 |a функции 
610 1 |a предельные теоремы 
610 1 |a случайные процессы 
610 1 |a выборка 
610 1 |a оценки 
610 1 |a гипотезы 
610 1 |a лекции 
610 1 |a учебные пособия 
675 |a 519.2(075.8)  |v 3 
700 1 |a Письменный  |b Д. Т.  |g Дмитрий Трофимович 
801 0 |a RU  |b 63413507  |c 20241116 
801 2 |a RU  |b 63413507  |c 20150703  |g RCR 
942 |c BK